• 首页
  • 本馆介绍
  • 公告通知
  • 最新文献
  • 馆藏检索
  • 电子资源
  • 读者导购
  • 参考咨询
  • 我的图书馆
  • 登录
  • 详细信息显示
  • 放入我的书架
  • 预约/预借图书
  • 作者相关作品
  • 分类相关作品
  • 丛书相关作品
  • 出版社相关作品

书目信息

  • 表格格式
  • 工作单格式
  • 卡片格式
题名:
分子生物学与基因工程理论及应用研究
    
 
作者: 李海云 , 李霞 , 邢立群 主编
分册:  
出版信息: 北京   中国原子能出版社  2020.03
页数: 302页
开本: 26cm
丛书名:
单 册:
中图分类: Q7 , Q78
科图分类:
主题词: 分子生物学--fen zi sheng wu xue--研究 , 基因工程--ji yin gong cheng--研究
电子资源:
ISBN: 978-7-5022-9964-4
000 01151nam0 2200277 450
001 0109110155
005 20201109110337.0
010    @a978-7-5022-9964-4@dCNY92.00
100    @a20200713d2020 em y0chiy50 ea
101 0  @achi
102    @aCN@b110000
105    @aa z 000yy
106    @ar
200 1  @a分子生物学与基因工程理论及应用研究@Afen zi sheng wu xue yu ji yin gong cheng li lun ji ying yong yan jiu@f李海云, 李霞, 邢立群主编
210    @a北京@c中国原子能出版社@d2020.03
215    @a302页@c图@d26cm
330    @a本书以分子生物学为基础,基因工程的知识作为其延伸,将分子生物学知识与基因工程技术很好地融为了一体,主要内容包括:染色体与DNA、RNA、蛋白质、基因表达调控、基因和基因组、基因工程工具酶、基因工程载体、目的基因克隆、外源目的基因表达、分子生物学与基因工程中的典型技术、分子生物学与基因工程技术的应用等。
606 0  @a分子生物学@Afen zi sheng wu xue@x研究
606 0  @a基因工程@Aji yin gong cheng@x研究
690    @aQ7@v5
690    @aQ78@v5
701  0 @a李海云@Ali hai yun@4主编
701  0 @a李霞@Ali xia@4主编
701  0 @a邢立群@Axing li qun@4主编
801  0 @aCN@bBJSZM@c20201103
905    @b1240087-9@dQ7@e257@f3
    
    分子生物学与基因工程理论及应用研究/李海云, 李霞, 邢立群主编.-北京:中国原子能出版社,2020.03
    302页:图;26cm
    
    
    ISBN 978-7-5022-9964-4:CNY92.00
    本书以分子生物学为基础,基因工程的知识作为其延伸,将分子生物学知识与基因工程技术很好地融为了一体,主要内容包括:染色体与DNA、RNA、蛋白质、基因表达调控、基因和基因组、基因工程工具酶、基因工程载体、目的基因克隆、外源目的基因表达、分子生物学与基因工程中的典型技术、分子生物学与基因工程技术的应用等。
●
相关链接 在E读中查询图书 在五车中查询图书 在当当中查询图书 在豆瓣中查询图书


正题名:分子生物学与基因工程理论及应用研究     索取号:Q7/257         预约/预借

序号 登录号 条形码 馆藏地/架位号 状态 备注
1 1240087   212400873   第二样本阅览室/ [索取号:Q7/257] 在馆    
2 1240088   212400882   第三借阅区/ [索取号:Q7/257] 在馆    
3 1240089   212400891   第三借阅区/ [索取号:Q7/257] 在馆    
唐山师范学院图书馆 欢迎您!
大连网信软件有限公司© 版权所有